Encyclopedie medico- chirurgicale

Enregistré dans:
Détails bibliographiques
Format: Livre
Langue:Undetermined
Publié: Paris Editions Techniques
Sujets:
Tags: Ajouter un tag
Pas de tags, Soyez le premier à ajouter un tag!
Thư viện lưu trữ: Trung tâm Học liệu Trường Đại học Cần Thơ
LEADER 00440nam a2200157Ia 4500
001 CTU_76743
008 210402s9999 xx 000 0 und d
082 |a 610.3 
082 |b E56/T2/R.3 
245 0 |a Encyclopedie medico- chirurgicale 
260 |a Paris 
260 |b Editions Techniques 
650 |a Medicine 
650 |x Dictionaries,Encyclopedias 
904 |i Mai Loan,Hải 
980 |a Trung tâm Học liệu Trường Đại học Cần Thơ